000 00455cam a2200181ua 4500
020 _c90.00
041 _aeng
_h
082 _a005.369
_bSTU/IL
100 _aStultz, Russell A .
245 _aIllustrated Wordstar 6.0 /
_cRussell A Stultz.
_hTextual Documents
260 _aNew Delhi :
_bB P B Publishers ,
_c1991.
300 _a333 ; .
365 _a90.00
504 _a
700 1 _aStultz, Dianne .
942 _cBK
999 _c9728
_d9728